| 000 | 02083nam0a2200373 4500 | ||
|---|---|---|---|
| 001 | RU\NLR\bibl\910761 | ||
| 005 | 20260405173018.0 | ||
| 021 |
_aRU _b2005-81556 _94031 |
||
| 035 | _a(nilc)RSL-KNO-002793199 | ||
| 035 | _a(NLR Aleph) 000899107 | ||
| 090 |
_a1765715 _c1765715 |
||
| 100 | _a20051212d2005 |||y0rusy50 ca | ||
| 101 | 0 | _arus | |
| 102 | _aRU | ||
| 105 | _aa ||||||||| | ||
| 106 | _ar | ||
| 200 | 1 |
_aОсновы экологической токсикологии _eучеб. пособие для студентов вузов, обучающихся по специальностям "Автомобили и автомобил. хоз-во" и "Сервис трансп. и технол. машин и оборудования (Автомобил. трансп.)" направления подгот. дипломир. специалистов "Эксплуатация назем. трансп. и трансп. оборудования" _fВ. С. Янин _gМ-во образования и науки Рос. Федерации, Федер. агентство по образованию, Пенз. гос. ун-т архитектруры и стр-ва |
|
| 205 | _a[2-е изд., стер.] | ||
| 210 |
_aПенза _cИзд-во ПГУАС _d2005 |
||
| 215 |
_a122, [1] с. _cил., табл. _d20 |
||
| 225 | 1 | _aУчебное пособие | |
| 320 | _aБиблиогр.: с. 119-120 | ||
| 606 | 1 |
_aЭкологическая токсикология _91463213 _3RU\NLR\auth\66311500 |
|
| 610 | 0 | _aЗдравоохранение. Медицинские науки -- Токсикология -- Ядовитые вещества -- Учебник для высшей школы | |
| 686 |
_aР284.1я73-1 _2rubbk |
||
| 686 | _aР284я73 | ||
| 686 | _aР121.102я73 | ||
| 700 | 1 |
_4070 _7ca _8rus _aЯнин _bВ. С. _gВалентин Семенович _957384 _3RU\NLR\auth\7774456 |
|
| 801 | 0 |
_aRU _bRuMoRKP _c20051212 _grcr |
|
| 801 | 1 |
_aRU _bРГБ _c20051212 |
|
| 801 | 2 |
_aRU _bNLR _c20060226 _grcr |
|
| 942 | _cBOOK | ||
| 980 | _aNB | ||